000 00639nam a2200205Ia 4500
005 20220614150622.0
008 210716s2010 xx 000 0 und d
020 _a9789353287344
040 _cAIMIT LIBRARY
041 _aeng
082 _a658.4092
_27
_bNORP
100 _aNorthouse, Peter G.
_942332
245 _aLeadership :
_btheory and practice /
_cBy Peter G. Northouse.
250 _a7th ed.
260 _aNew Delhi :
_bSage Publications ,
_c2010 .
300 _axxviii, 347p. ; I-17p. ;
_c24 cm.
650 _aAdaptive leadership
_942333
650 _aTransformation leadership
_942334
942 _2ddc
_cBK
_e7th
_k658.4092 NORP
999 _c211405
_d211405